Statistics for European Countries that Visit the United States the Most

Click here to take the quiz!

General Stats

  • This quiz has been taken 401 times
  • The average score is 7 of 10

Answer Stats

VisitorsCountry% Correct
5,216,692United Kingdom
100%
2,366,405Germany
96%
2,067,168France
91%
1,357,604Italy
88%
1,113,561Spain
85%
820,325Netherlands
74%
622,440Sweden
63%
543,398Ireland
56%
478,603Switzerland
47%
365,602Denmark
40%

Score Distribution

Percentile by Number Answered

Percent of People with Each Score

Your Score History

You have not taken this quiz